[Event "Vladimir op"]
[Site "Suzdal"]
[Date "2016.08.06"]
[Round "2"]
[White "Konaplev, Anton"]
[Black "Karpov, Alexander"]
[Result "1-0"]
[WhiteElo "2179"]
[BlackElo "2242"]
[PlyCount "83"]
[EventDate "2016.08.05"]
[EventType "tourn"]
[EventRounds "9"]
[EventCountry "RUS"]
[SourceTitle "EXT 2018"]
[Source "ChessBase"]
[SourceDate "2017.10.13"]
[SourceVersion "1"]
[SourceVersionDate "2017.10.13"]
[SourceQuality "1"]

1. d4 d5 2. c4 e6 3. Nc3 c6 4. e3 Nf6 5. Nf3 Nbd7 6. Bd3 dxc4 7. Bxc4 b5 8. Bd3 b4 9. Ne4 Nxe4 10. Bxe4 Bb7 11. O-O Be7 12. Qe2 ({RR} 12. Nd2 O-O 13. b3 Nf6 14. Bf3 Nd5 15. Bb2 c5 16. Ne4 Ba6 17. Be2 Bxe2 18. Qxe2 cxd4 19. Bxd4 f5 20. Nc5 Qd6 21. Rac1 Bf6 22. Bxf6 gxf6 23. Rfd1 Rac8 24. e4 fxe4 25. Qxe4 Kh8 26. Qxb4 Rc6 {Deac,B (2691)-Gledura,B (2639) Vrnjacka Banja SRB 2024 1-0 (42)}) ({RR} 12. a3 a5 13. Qc2 h6 14. axb4 axb4 15. Bd2 O-O 16. Qc4 Qb6 17. Rfc1 Rxa1 18. Rxa1 Nf6 19. Bd3 c5 20. dxc5 Bxc5 21. Rc1 Rd8 22. Qxc5 Qxc5 23. Rxc5 Rxd3 24. Bxb4 Rd1+ 25. Ne1 Rb1 26. Rc2 Be4 {Tang,Z (2356)-Krush,I (2402) Saint Louis USA 2026 1-0 (42)}) ({RR} 12. a4 a5 13. b3 O-O 14. Bb2 Nf6 15. Bd3 c5 16. dxc5 Bxc5 17. Rc1 Rc8 18. Qe2 Be7 19. Ba6 Qb6 20. Bc4 Bd5 21. Nd2 Rfd8 22. Bd4 Qb8 23. Bxd5 Rxd5 24. Qa6 Re8 25. Nc4 Bd8 26. Bxf6 gxf6 {Gurvich,V (2225)-Karpov,A (2222) Moscow 2015 1-0 (33)}) 12... O-O 13. Bd2 Qb6 $146 ({RR} 13... a5 14. Rfd1 Qb6 15. Rac1 Rac8 16. Rc2 Nf6 17. Bd3 c5 18. Rdc1 Ne4 19. Be1 Rc7 20. Nd2 Nxd2 {½-½ (20) Stigar,P-Holmsgaard,H Denmark 1980}) 14. Rac1 c5 15. Bxb7 Qxb7 16. e4 Rac8 17. b3 Rfd8 18. dxc5 Nxc5 19. Rc4 Nd3 20. Rxc8 Qxc8 21. Be3 Qb7 22. Bd4 Nc5 23. Re1 a5 24. Qe3 Qb5 25. h3 a4 26. bxa4 Nxa4 27. Rc1 Qb7 28. Qb3 Ra8 29. a3 Qxe4 30. axb4 Qf4 31. Rc6 h6 32. b5 Nc5 33. Qc2 e5 34. Bxe5 Qb4 35. b6 Qb5 36. Rc7 Re8 37. Qb2 Qxb2 38. Bxb2 Ne6 39. Rd7 Bc5 40. b7 Ba7 41. g3 Nc5 42. Rc7 1-0

[Event "Moscow VAO FM-B 06+"]
[Site "Moscow"]
[Date "2016.06.23"]
[Round "1"]
[White "Konaplev, Anton"]
[Black "Karpov, Alexander"]
[Result "1/2-1/2"]
[WhiteElo "2179"]
[BlackElo "2242"]
[PlyCount "96"]
[EventDate "2016.06.23"]
[EventType "tourn"]
[EventRounds "9"]
[EventCountry "RUS"]
[SourceTitle "EXT 2018"]
[Source "ChessBase"]
[SourceDate "2017.10.13"]
[SourceVersion "1"]
[SourceVersionDate "2017.10.13"]
[SourceQuality "1"]

1. d4 d5 2. c4 e6 3. Nc3 c6 4. e3 Nf6 5. Nf3 Nbd7 6. Bd3 dxc4 7. Bxc4 b5 8. Bd3 b4 9. Ne4 Nxe4 10. Bxe4 Bb7 11. Bd2 ({RR} 11. Nd2 Be7 12. b3 Nf6 13. Bf3 Nd5 14. Bb2 O-O 15. O-O c5 16. Ne4 Ba6 17. Re1 c4 18. bxc4 Bxc4 19. Nc5 a5 20. a3 Rb8 21. h3 Bb5 22. axb4 Nxb4 23. Bc3 Qc7 24. Qb3 Bxc5 25. dxc5 Rfc8 {LCZero 0.31-dag-c93c6a8-BT4-6 (3652)-Stockfish dev-20250118-8e3e22 (3683) tcec-chess.com INT 2025 ½-½ (37)}) ({RR} 11. Nd2 Be7 12. O-O O-O 13. b3 f5 14. Bd3 c5 15. Bb2 Nf6 16. Re1 Nd5 17. Bc4 Bd6 18. Nf3 Qe7 19. Rc1 Rad8 20. Qe2 cxd4 21. Nxd4 e5 22. Nxf5 Rxf5 23. Bxd5+ Bxd5 24. e4 Qg5 25. f3 Bxe4 {Shkurikhin,I (2305)-Karpov,A (2350) Tomsk 2006 1-0 (36)}) 11... Be7 12. Rc1 Rc8 $146 ({RR} 12... Qb6 13. O-O Nf6 14. Bb1 c5 15. dxc5 Bxc5 16. Qa4+ Bc6 17. Qc2 Ne4 18. Rfd1 f6 19. Be1 Rc8 20. Nd4 Bd5 21. Qa4+ Kf7 22. Qd7+ Kg6 23. Bxe4+ Bxe4 24. Nxe6 {1-0 (24) Gereben,E-Lurje,P Zuerich 1982}) 13. O-O O-O 14. Qe2 Nf6 15. Bd3 c5 16. dxc5 Bxc5 17. e4 e5 18. Rxc5 Rxc5 19. Bxb4 Qb6 20. Bxc5 Qxc5 21. Rd1 Rd8 22. Bb1 Rxd1+ 23. Qxd1 g6 24. Qe1 a5 25. b3 Qb5 26. Nd2 Qb4 27. Qe2 Qc3 28. h3 Nh5 29. Qe3 Qb2 30. g3 Bc8 31. Kh2 Qc1 32. Bd3 Bxh3 33. Nf1 Qc8 34. Bc4 Nf6 35. f3 Bxf1 36. Bxf1 Qc2+ 37. Qe2 Qc1 38. Qf2 h5 39. Bc4 h4 40. gxh4 Nh5 41. Kg2 Nf4+ 42. Kh2 a4 43. Bf1 a3 44. Kg3 Ne6 45. Bc4 Nd4 46. f4 exf4+ 47. Qxf4 Qg1+ 48. Kh3 Qh1+ 1/2-1/2

[Event "Novosibirsk Sibiria-A"]
[Site "Novosibirsk"]
[Date "2007.07.26"]
[Round "8"]
[White "Aketayeva, Dana"]
[Black "Karpov, Alexander"]
[Result "0-1"]
[WhiteElo "2248"]
[BlackElo "2304"]
[PlyCount "52"]
[EventDate "2007.07.20"]
[EventType "tourn"]
[EventRounds "11"]
[EventCountry "RUS"]
[EventCategory "4"]
[SourceTitle "CBM 119 Extra"]
[Source "ChessBase"]
[SourceDate "2007.09.04"]
[SourceVersion "1"]
[SourceVersionDate "2007.09.04"]
[SourceQuality "1"]

1. Nf3 d5 2. d4 e6 3. e3 Nf6 4. c4 Nbd7 5. Nc3 c6 6. Bd3 dxc4 7. Bxc4 b5 8. Bb3 Bb7 9. e4 b4 10. e5 bxc3 11. exf6 cxb2 ({RR} 11... Nxf6 12. bxc3 Be7 13. O-O O-O 14. Qe2 c5 15. dxc5 Qc7 16. Ne5 Bxc5 17. Bf4 Bd6 18. Rfd1 Nd5 19. Bxd5 exd5 20. Rab1 Rae8 21. Qe3 Ba8 22. Re1 f6 {0-1 (22) Kazhgaleyev,M (2607)-Anand,V (2792) Bastia 2006}) 12. fxg7 bxa1=Q $146 ({RR} 12... Bxg7 13. Bxb2 Qa5+ 14. Nd2 Ba6 15. Qg4 Bh6 16. O-O-O Nf6 17. Qh3 Bg5 18. Rhe1 Nd5 19. Rxe6+ fxe6 20. Qh5+ Kd7 21. Qxg5 Rag8 22. Qe5 Qc7 23. Qe4 Qxh2 24. Qc2 Rxg2 25. Ne4 Qf4+ 26. Kb1 Nb4 27. Nc5+ {Kazhgaleyev,M (2607)-Libiszewski,F (2419) Paris 2004 ½-½ (54)}) ({RR} 12... Bxg7 13. Bxb2 Qa5+ 14. Kf1 O-O-O 15. Qc2 Kb8 16. Nd2 Nb6 17. Nf3 Rhg8 18. Rb1 Qb5+ 19. Kg1 c5 20. a4 Qc6 21. d5 Nxd5 22. Ne5 Bxe5 23. Bxe5+ Nc7 24. f3 Qxf3 25. Bxc7+ Kxc7 {0-1 (25) Pyrich,G (2125)-Thomson,C (2320) Hamilton 1987}) 13. gxh8=Q Ba6 14. Bd2 Qxd1+ 15. Kxd1 Bd3 16. Re1 Qe7 17. Bg5 Qd6 18. Qg8 Bf5 19. Ke2 a5 20. Kf1 a4 21. Bc4 Rb8 22. Nd2 Qxh2 23. f3 Qg3 24. Re2 Nf6 25. Bxe6 Nxg8 26. Bxf5+ Be7 0-1

[Event "Dortmund SuperGM 23rd"]
[Site "Dortmund"]
[Date "1995.07.15"]
[Round "2"]
[White "Karpov, Anatoly"]
[Black "Kramnik, Vladimir"]
[Result "1/2-1/2"]
[WhiteElo "2775"]
[BlackElo "2730"]
[Annotator "Von Gleich,Alexander"]
[PlyCount "36"]
[EventDate "1995.07.14"]
[EventType "tourn"]
[EventRounds "9"]
[EventCountry "GER"]
[EventCategory "17"]
[SourceTitle "CBM 048"]
[Source "ChessBase"]
[SourceDate "1995.10.01"]
[SourceVersion "1"]
[SourceVersionDate "1995.10.01"]
[SourceQuality "1"]

1. d4 {Ftacnik,Lubomir Novikov,Igor A} d5 2. c4 c6 3. Nc3 Nf6 4. e3 e6 5. Nf3 Nbd7 6. Bd3 dxc4 7. Bxc4 b5 8. Bd3 Bb7 9. a3 b4 10. Ne4 Nxe4 11. Bxe4 bxa3 12. bxa3 Bd6 13. Bd2 ({RR} 13. O-O O-O 14. Bb2 ({RR} 14. Bd2) 14... Rb8 15. Qc2 c5 ({RR} 15... f5 16. Bxc6 Rc8 17. d5 ({RR} 17. Qb3 Rxc6 18. Qxb7 Rb6) 17... exd5 18. Qc3 ({RR} 18. Nd4 Bxc6 19. Nxc6 Bxh2+ 20. Kxh2 Qc7+) 18... Rf7 19. Bxb7 Rxc3 20. Bxc3 Nb6 ({RR} 20... Qc7 21. Bxd5 Qxc3 22. Ng5 Ne5 23. Rac1 Qxa3 24. Rc8+ Bf8 25. Bxf7+ Nxf7 26. Ne6) 21. Ba6) 16. Bxb7 ({RR} 16. Bxh7+ Kh8 17. Bd3 ({RR} 17. Be4 Bxe4 18. Qxe4 Rxb2) ({RR} 17. dxc5 Bxf3 18. gxf3 ({RR} 18. cxd6 Qg5 19. g3 Qg4) 18... Rxb2 19. Qxb2 Be5) 17... Bxf3 18. gxf3 Bxh2+ ({RR} 18... cxd4 19. Bxd4 Qh4 20. f4 Qg4+) ({RR} 18... Qh4) 19. Kxh2 Qh4+ 20. Kg2 Qg5+) 16... Rxb7 17. dxc5 ({RR} 17. Rab1 cxd4 18. Nxd4 Qb8) 17... Bxc5 18. Rfd1 Qe7 19. a4 {½-½ (19) Karpov,A (2735)-Anand,V (2770) Lausanne 1998 CBM 063 [Ftacnik,Lubomir]} ({RR} 19. Qc3 Nf6)) 13... Rb8 (13... Qc7 14. Bb4 (14. Qa4 O-O 15. Ba5 Nb6 16. Qc2 h6 17. Nd2 (17. Bb4 c5 18. Bxb7 Qxb7 19. dxc5 Rfc8 {nebst d7 und Ausgleich}) 17... Rfc8 (17... e5 18. dxe5 Bxe5 19. Rc1 $14) (17... Qe7 $1 {visiert die weiße Schwäche a3 an und sichert dadurch ausreichendes Gegenspiel} 18. O-O Bxa3 (18... Rac8 $2 19. Bb4 Bxb4 20. axb4 Qxb4 $2 21. Rxa7 $18)) 18. Nc4 Bf8 19. Rb1 $16) 14... c5 (14... Bxb4+ 15. axb4 a5 16. bxa5 (16. O-O axb4 17. Rxa8+ Bxa8 18. Qc2 Nf6) 16... Rxa5 17. O-O Rxa1 18. Qxa1 O-O 19. Rc1 c5 20. Bxb7 Qxb7 21. dxc5 Rc8 22. Qa5 Qd5 (22... Qc7 23. Qxc7 Rxc7 24. c6 $16) 23. e4 Qxe4 (23... Qh5 24. h3 h6 {und Schwarz kann sich halten}) 24. c6 h6 25. h3 Nf6 26. Qa6) 15. Bxb7 Qxb7 16. dxc5 Bxc5 17. Bxc5 Nxc5 18. Qd4 Qb5 (18... Qb2 $1 19. O-O Qxd4 20. Nxd4) 19. Qxg7 Nd3+ 20. Kd2 O-O-O 21. Nd4 Nc5) ({RR} 13... Qc7 14. Bb4 c5 15. Bxb7 Qxb7 16. dxc5 Bxc5 17. Bxc5 Nxc5 18. Qd4 Qb5 19. Qxg7 Nd3+ 20. Kd2 O-O-O 21. Nd4 Nc5) 14. Qa4 $146 (14. Rb1 O-O 15. O-O (15. Qc2 Nf6 16. Bd3 c5 $1 17. dxc5 Bxc5 18. Bxh7+ Nxh7 19. Qxc5 Qd3 $132) 15... Nf6 $10) ({RR} 14. O-O c5 ({RR} 14... O-O) ({RR} 14... c5 15. Bxb7 Rxb7 16. Bc3 ({RR} 16. d5 exd5 17. Bc3 Nf6 18. Bxf6 Qxf6 19. Qxd5 Rd7 20. Qa8+ Qd8) 16... O-O 17. d5 Qe7 18. e4 f6 19. Qc2 Nb6 20. dxe6 Qxe6 21. Rfe1 Nc4 22. Rad1 ({RR} 22. a4 Ne5 23. Bxe5 Bxe5 24. Rac1 Bd4) 22... Nxa3 23. Qc1 Nc4 24. Nh4) 15. Bxb7 Rxb7 16. Bc3 ({RR} 16. d5 exd5 17. Bc3 Nf6 18. Bxf6 Qxf6 19. Qxd5 Rd7 20. Qa8+ Qd8) 16... O-O ({RR} 16... Nf6 17. dxc5 Bxc5 18. Qxd8+ Kxd8 19. Rab1) 17. d5 Qe7 18. e4 f6 19. Qc2 Nb6 ({RR} 19... exd5 20. exd5 Nb6) 20. dxe6 Qxe6 21. Rfe1 Nc4 22. Rad1 ({RR} 22. a4 Ne5 23. Bxe5 Bxe5 24. Rac1 Bd4) 22... Nxa3 23. Qc1 ({RR} 23. Qd3 Rb3) 23... Nc4 24. Nh4 Re8 25. f4 Bf8 26. Nf3 Qf7 ({RR} 26... h6) 27. e5 fxe5 28. fxe5 ({RR} 28. Ng5 Qf5) 28... h6 {Gurevich,M (2585)-Novikov,I (2580) Antwerp 1995 CBM 050 [Novikov,Igor A] 0-1 (93)}) ({RR} 14. O-O O-O 15. Bb4 c5 16. dxc5 Bxc5 17. Bxb7 Rxb7 18. Nd4 Qb6 19. Bxc5 Qxc5 20. Qd2 Qd5 21. Qc3 h6 22. Rac1 Ne5 23. h3 Rfb8 24. Qc5 Qe4 25. Qc2 Qd5 26. Qa4 Qe4 27. Qc2 Qd5 {½-½ (27) Karpov,A (2770)-Kramnik,V (2775) Monte Carlo 1996}) ({RR} 14. O-O O-O 15. Bb4 c5 16. dxc5 Bxc5 17. Bxb7 Rxb7 18. Nd4 Qb6 19. Bxc5 Qxc5 20. Qd2 Qd5 21. Qc3 h6 22. Rac1 Ne5 23. h3 Rfb8 24. Qc5 Qe4 25. Qc2 Qd5 26. Qa4 Qe4 27. Qc2 {½-½ (27) De Freitas,M (1760)-De Morais,L (1764) Corumba 2015}) ({RR} 14. O-O O-O 15. Bb4 c5 16. dxc5 Bxc5 17. Bxb7 Rxb7 18. Nd4 Qb6 19. Bxc5 Qxc5 20. Qd2 Qd5 21. Qc3 h6 22. Rac1 Ne5 23. h3 Rfb8 24. Qc5 Qe4 25. Qc2 Qd5 26. Qa4 Qe4 27. Qc2 Qd5) ({RR} 14. Rb1 O-O 15. O-O Nf6) 14... c5 (14... Qc7 15. Rb1 c5 16. Rxb7 (16. Ba5 Bxe4 (16... Qc8 17. Bxb7 (17. dxc5 Bxe4) (17. Rxb7 Rxb7 18. dxc5 Bxc5 19. Ne5 Bd6 (19... f6 20. Nxd7 Rxd7 21. O-O O-O 22. Rc1 $16) 20. Nxd7 (20. Nc4 Be7 (20... Bb4+ 21. Bxb4 Qxc4 22. Bxb7 Qc1+ 23. Qd1 $18)) 20... Rxd7 21. O-O (21. Bc6 Ke7 22. O-O Rc7 23. Rc1 Qb8 24. Bxc7 Qxc7 25. g3 Rc8 26. Qh4+ Kf8 27. Qxh7 Bxa3 28. Rc4 $14) 21... O-O 22. Rd1 f5 23. Bf3 Rff7) 17... Rxb7 18. Rxb7 Qxb7 19. O-O) 17. Bxc7 Rxb1+ 18. Kd2 Bxc7 19. Rxb1 Bxb1 20. Qxa7 $16 Bb6)) ({RR} 14... Qc7 15. Rb1 c5 16. Rxb7) 15. Bxb7 Rxb7 16. dxc5 Bxc5 17. Ba5 Qb8 (17... Qc8 18. O-O O-O 19. Rac1 Nb6 20. Qe4 Rc7 21. Ng5 g6 22. Qh4 (22. Bc3 Bxa3 (22... Nd5 23. Bb2) 23. Nxh7 (23. Qh4 f5 (23... f6 $1 24. Bxf6 Bxc1 $19) 24. Bg7 $3 Kxg7 (24... Rxg7 25. Rxc8) 25. Rxc7+ Qxc7 26. Nxe6+ $18) 23... f5 24. Qe5 Rxh7 $19) 22... h5 23. g4 {Der abenteuerlichste Versuch, der zwar objektiv schlecht ist, aber sehr zur Erheiterung der kiebitzenden Laien - wie Ihrem Berichterstatter- beitrug.} Be7 24. gxh5 Rxc1 25. hxg6 Rxf1+ 26. Kg2 Rxf2+ $3 (26... Qc6+ $2 27. e4) 27. Kxf2 fxg6+ $19) ({RR} 17... Qc8 18. O-O O-O 19. Rac1 Nb6 20. Qe4 Rc7 21. Ng5 g6 22. Qh4 h5 23. g4 Be7 24. gxh5 Rxc1 25. hxg6 Rxf1+ 26. Kg2 Rxf2+ 27. Kxf2 fxg6+) 18. Rd1 O-O (18... O-O 19. Rxd7 ({RR} 19. Rxd7 Qe8 20. Ne5 Bd6 21. O-O Bxe5 22. Rfd1 Rxd7 23. Qxd7 Qb8) 19... Qe8 20. Ne5 Bd6 (20... Rb1+ 21. Ke2 Rxh1 {Diese Stellung wurden von den beiden Kontrahenten über eine Stunde kontrovers diskutiert, wobei Karpow an die weißen Angriffschancen und Kramnik an die Verteidigungsfähigkeit glaubte. Einige der rasant vorgeführten Varianten seien kurz angeführt.} 22. Qc6 (22. Bc3 Qc8 23. Qg4 h5 (23... g6 24. Nxg6 $3 hxg6 (24... Qxd7 25. Ne7#) 25. Qh4 Qa6+ 26. Kf3 Qc6+ 27. e4 $18) 24. Qxh5 (24. Qg5 Be7 $3 $17) 24... Be7 (24... Bd6 25. Rxf7 Qxc3 26. Rxf8+ Bxf8 (26... Kxf8 27. Qf7#) 27. Qf7+ {Weiß hat Minimum Dauerschach, aber Karpow probierte weiter...} Kh7 28. Qg6+ Kh8 (28... Kg8 $2 29. Qxe6+) 29. Qxe6 $5 Qc2+ 30. Kf3 Qd1+ 31. Ke4 {Karpow, und wenn auch hier Dauerschach das wahrscheinlichste Ergebnis ist, so wurde doch herzhaft weiter gezockt, wobei die inzwischen vom A-Open herüberkommenden GM s lebhaft mit herum zockten.}) 25. Rxe7 Qxc3 26. Kf3 Qc2 27. Kg3 Rf1 28. Ng4 Qf5 29. Qxf5 exf5 30. Ne5 $13) (22. Nxf7) 22... Rc1 23. Bd2) 21. O-O Bxe5 22. Rfd1 Rxd7 23. Qxd7 Qb8 $14) 1/2-1/2

[Event "Alekhine Memorial"]
[Site "Moscow"]
[Date "1992.??.??"]
[Round "?"]
[White "Karpov, Anatoly"]
[Black "Anand, Viswanathan"]
[Result "0-1"]
[WhiteElo "2715"]
[BlackElo "2690"]
[Annotator "Ftacnik,Lubomir"]
[PlyCount "100"]
[EventDate "1992.11.??"]
[EventType "tourn"]
[EventRounds "7"]
[EventCountry "RUS"]
[EventCategory "18"]
[SourceTitle "CBM 033"]
[Source "ChessBase"]
[SourceDate "1993.04.01"]
[SourceVersion "1"]
[SourceVersionDate "1993.04.01"]
[SourceQuality "1"]

1. d4 d5 2. c4 c6 3. Nc3 Nf6 4. e3 e6 5. Nf3 Nbd7 6. Bd3 dxc4 7. Bxc4 b5 8. Bd3 Bb7 9. a3 b4 10. Ne4 a5 11. O-O Be7 12. Nxf6+ Nxf6 13. e4 O-O 14. Qc2 h6 15. axb4 $146 ({RR} 15. e5 Nd7 16. Bh7+ Kh8 17. Be4 Qb6 18. Be3 Rac8 19. Rfc1 c5 20. Bxb7 Qxb7 21. Qd2 cxd4 22. Bxd4 Nc5 23. Qe3 Qd5 24. axb4 Nb3 25. Rxc8 Rxc8 26. Rf1 Bxb4 27. Bc3 Bxc3 28. bxc3 a4 29. Qa7 Ra8 {Gustafsson,J (2572)-Milov,V (2632) Playchess.com INT 2004 0-1 (35)}) ({RR} 15. Be3 Qb8 16. Rfc1 Ng4 17. Bd2 Rc8 18. axb4 axb4 19. e5 c5 20. Be4 Rxa1 21. Rxa1 cxd4 22. Qd3 f6 23. exf6 Nxf6 24. Bxb7 Qxb7 25. Re1 Qd5 26. Qg6 Bf8 27. Ne5 Rc7 28. Bxh6 Bd6 29. Ng4 Nxg4 {Lugovoi,A (2485)-Kobalia,M (2415) Moscow 1995 0-1 (65)}) 15... Bxb4 16. e5 Nd7 17. Bh7+ Kh8 18. Be4 Qb8 19. Rd1 c5 20. Bf4 (20. d5 f5 $1 21. exf6 Nxf6 22. Nh4 Rd8 23. Bf4 Qa7 24. Ng6+ Kg8 25. Be5 Nxe4 26. Qxe4 Bxd5 27. Qh4 c4 $17) 20... cxd4 21. Rxd4 Rc8 22. Qe2 Nf8 $1 (22... Nb6 23. Ng5 $1 Bxe4 (23... hxg5 $2 24. Qh5+ Kg8 25. Qh7+ Kf8 26. Qh8+ Ke7 27. Bxg5+ f6 28. Qxg7+ Ke8 29. Bg6#) 24. Nxe4 Nd5 $13) 23. h4 Bxe4 24. Rxe4 Ng6 25. h5 Nxf4 26. Rxf4 Ra7 27. g4 Bf8 28. g5 Rb7 29. Qa6 (29. gxh6 gxh6 $13) 29... Ra7 30. Qe2 Qb6 31. Rd1 Rac7 32. Rd2 Bb4 33. Rdd4 Bc5 (33... Rc2 34. Qe4 Rxb2 35. Rxf7) 34. Rd2 Qc6 35. Kh2 Bb4 36. Rd3 Qc1 37. Rdd4 (37. Kg3 Rc2 38. Qe4 (38. Qd1 Qxb2 39. Rxf7) 38... Bc5 39. Nd4 Bxd4 40. Rxd4 Rxb2 41. gxh6 (41. Rxf7 Qxg5+ 42. Qg4 Qxe5+ $10) 41... gxh6 42. Rxf7 $2 Rg8+ 43. Kh3 (43. Kf3 Qh1+ 44. Kf4 Rxf2+) 43... Rb3+ 44. Rd3 Rxd3+ 45. Qxd3 Qh1#) 37... Rc2 38. Qd3 Rf8 39. g6 fxg6 $1 40. Rxb4 (40. Rxf8+ Bxf8 41. Rd8 Qf4+ 42. Kg2 Rxb2 $17) 40... Rxf4 41. Qd8+ Kh7 42. hxg6+ Kxg6 43. Qe8+ Kh7 44. Ng5+ hxg5 45. Qh5+ Kg8 46. Qe8+ Rf8 47. Qxe6+ Kh7 48. Qh3+ Kg6 49. Rb6+ Rc6 50. Qd3+ Rf5 0-1

[Event "Linares 12th"]
[Site "Linares"]
[Date "1994.??.??"]
[Round "9"]
[White "Karpov, Anatoly"]
[Black "Shirov, Alexei"]
[Result "1/2-1/2"]
[WhiteElo "2740"]
[BlackElo "2705"]
[PlyCount "134"]
[EventDate "1994.02.??"]
[EventType "tourn"]
[EventRounds "13"]
[EventCountry "ESP"]
[EventCategory "18"]
[SourceTitle "CBM 040"]
[Source "ChessBase"]
[SourceDate "1994.06.01"]
[SourceVersion "1"]
[SourceVersionDate "1994.06.01"]
[SourceQuality "1"]

1. d4 d5 2. c4 c6 3. Nf3 Nf6 4. Nc3 e6 5. e3 Nbd7 6. Bd3 dxc4 7. Bxc4 b5 8. Bd3 Bb7 9. a3 b4 10. Ne4 a5 11. Nxf6+ Nxf6 12. e4 Be7 13. Qe2 c5 14. Bb5+ $146 ({RR} 14. dxc5 Bxc5 15. O-O O-O 16. Bg5 h6 17. Bh4 Be7 18. Rfd1 Qb6 19. Ne5 Rfd8 20. Nc4 Qd4 21. Bc2 Qc5 22. axb4 axb4 23. Rxa8 Bxa8 24. Rxd8+ Bxd8 25. Qd3 Be7 26. Bxf6 gxf6 27. b3 Bc6 28. h4 Bb5 {Tolstikh,N (2420)-Volodin,V (2330) Decin 1996 ½-½ (41)}) 14... Kf8 15. dxc5 Bxc5 16. Bd3 h6 17. O-O g5 18. Be3 Bxe3 19. Qxe3 Kg7 20. Ne5 Nd7 21. Nc4 Qe7 22. Qd4+ e5 23. Qd6 Qxd6 24. Nxd6 Nc5 25. Bc4 Rhd8 26. Nf5+ Kg6 27. f3 Na4 28. Rf2 Nb6 29. Bb5 Bc8 30. axb4 axb4 31. Rxa8 Nxa8 32. Ne7+ Kg7 33. Nd5 Be6 34. Nxb4 Rb8 35. Bc6 Rxb4 36. Bxa8 Ra4 37. Bb7 Ra1+ 38. Rf1 Ra4 39. Rf2 Ra1+ 40. Rf1 Ra4 41. Bc6 Rb4 42. Rf2 Rc4 43. Bd5 Bxd5 44. exd5 Rd4 45. b3 Rd1+ 46. Rf1 Rxd5 47. b4 Kf6 48. Rb1 Ke6 49. b5 Kd7 50. b6 Kc8 51. b7+ Kb8 52. Rb6 Rd4 53. Kf2 h5 54. Ke3 g4 55. Rf6 Rd7 56. Rf5 Rxb7 57. Rxh5 Rb3+ 58. Kf2 gxf3 59. gxf3 f6 60. h4 Kc7 61. Rh6 Rb6 62. h5 Kd7 63. Rg6 Ke6 64. h6 Rb7 65. Kg3 Rb1 66. Kh2 Rb7 67. Kh3 Rb1 1/2-1/2

[Event "Novosibirsk"]
[Site "Novosibirsk"]
[Date "2006.06.30"]
[Round "10"]
[White "Verzhansky, Alexander"]
[Black "Karpov, Alexander"]
[Result "0-1"]
[WhiteElo "2304"]
[BlackElo "2365"]
[PlyCount "62"]
[EventDate "2006.06.23"]
[EventType "tourn"]
[EventRounds "11"]
[EventCountry "RUS"]
[SourceTitle "EXT 2008"]
[Source "ChessBase"]
[SourceDate "2007.11.25"]
[SourceVersion "1"]
[SourceVersionDate "2007.11.25"]
[SourceQuality "1"]

1. d4 d5 2. c4 e6 3. Nc3 c6 4. e3 Nf6 5. Nf3 Nbd7 6. Bd3 dxc4 7. Bxc4 b5 8. Bd3 b4 9. Ne4 Nxe4 10. Bxe4 Bb7 11. O-O Be7 12. Qa4 O-O 13. Bd2 Qb6 14. Rfc1 Rfc8 15. a3 a5 16. axb4 $146 ({RR} 16. Ne1 e5 17. Nf3 exd4 18. Nxd4 Nc5 19. Qc2 Nxe4 20. Qxe4 Bf6 21. axb4 axb4 22. Rxa8 Bxa8 23. Nb3 c5 24. Qf5 Rd8 25. Qxc5 Qxc5 26. Rxc5 Bxb2 27. h3 g6 28. Bxb4 Rb8 29. Bc3 Bxc3 30. Rxc3 Bd5 {Tong,L (1908)-Rosin,R (2008) Forchheim 2010 ½-½ (44)}) ({RR} 16. Be1 Nf6 17. Nd2 Nxe4 18. Nxe4 Qb5 19. axb4 Qxa4 20. Rxa4 axb4 21. Rca1 Rxa4 22. Rxa4 Ra8 23. Rxa8+ Bxa8 24. f3 Bb7 25. Bg3 f5 26. Bd6 fxe4 27. Bxe7 exf3 28. gxf3 b3 29. Kf2 Kf7 30. Bd6 Ba6 {Kondratiev,P-Petran,P Olomouc 1975 ½-½ (32)}) 16... axb4 17. Qc2 Rxa1 18. Bxh7+ Kh8 19. Rxa1 c5 20. Be4 cxd4 21. Qb1 Nc5 22. Bxb7 Qxb7 23. exd4 Nb3 24. Ra2 Qd5 25. Be3 Bf6 26. h3 Nxd4 27. Bxd4 Bxd4 28. b3 Bc3 29. Ra7 Kg8 30. Qa2 Be5 31. Qb1 Bf4 0-1

[Event "Bugojno"]
[Site "Bugojno"]
[Date "1980.05.20"]
[Round "8"]
[White "Karpov, Anatoly"]
[Black "Tal, Mihail"]
[Result "1-0"]
[WhiteElo "2725"]
[BlackElo "2705"]
[PlyCount "67"]
[EventDate "1980.05.05"]
[EventType "tourn"]
[EventRounds "11"]
[EventCountry "YUG"]
[EventCategory "15"]
[SourceTitle "MCD"]
[Source "ChessBase"]
[SourceDate "1999.07.01"]
[SourceVersion "1"]
[SourceVersionDate "1999.07.01"]
[SourceQuality "1"]

1. c4 e6 2. Nc3 d5 3. d4 c6 4. e3 Nf6 5. Nf3 Nbd7 6. Bd3 dxc4 7. Bxc4 b5 8. Bd3 a6 9. e4 c5 10. d5 c4 11. dxe6 cxd3 12. exd7+ Qxd7 13. O-O Bb7 14. Re1 Bb4 15. Ne5 Qe6 ({RR} 15... Qd4 16. Nxd3 Bxc3 17. bxc3 Qxc3 18. Bb2 Qc6 19. Rc1 Qb6 20. Nc5 Rd8 21. Qf3 Bc8 22. e5 Ng8 23. e6 f6 24. Nd7 Qb7 25. Qg3 Bxd7 26. Qxg7 Bc6 27. Qxh8 Ke7 28. Qg7+ {1-0 (28) Sakalauskas,V (2388)-Janulynas,J (1777) Vilnius 2014}) 16. Nxd3 Bxc3 17. Nf4 Qd7 $146 ({RR} 17... Qe5 18. bxc3 O-O 19. Nd3 Qxc3 20. Bb2 Qc6 21. Rc1 Qb6 22. Nc5 Rfd8 23. Qf3 Ne8 24. Rc2 Rac8 25. Rec1 Ba8 26. h4 Rc6 27. h5 h6 28. Be5 Qa7 29. Qg3 Qe7 30. f3 Nf6 31. Bxf6 Qxf6 32. Nb3 {Danner,G (2405)-Saeed,S (2390) Thessaloniki 1984 0-1 (80)}) 18. bxc3 Nxe4 19. Qxd7+ Kxd7 20. Ba3 Rhe8 21. Red1+ Kc7 22. f3 Nf6 23. Bd6+ Kb6 24. c4 Rac8 25. cxb5 axb5 26. a4 Rcd8 27. axb5 Rd7 28. Rd4 Red8 29. Rad1 Rc8 30. Be5 Re7 31. Rd6+ Kxb5 32. Rb1+ Kc4 33. Rd4+ Kc5 34. Nd3+ 1-0

[Event "Las Palmas"]
[Site "Las Palmas"]
[Date "1994.??.??"]
[Round "3"]
[White "Karpov, Anatoly"]
[Black "Morovic Fernandez, Ivan"]
[Result "1/2-1/2"]
[WhiteElo "2740"]
[BlackElo "2605"]
[Annotator "Ftacnik,Lubomir"]
[PlyCount "76"]
[EventDate "1994.05.??"]
[EventType "tourn"]
[EventRounds "9"]
[EventCountry "ESP"]
[EventCategory "17"]
[SourceTitle "CBM 042"]
[Source "ChessBase"]
[SourceDate "1994.10.01"]
[SourceVersion "1"]
[SourceVersionDate "1994.10.01"]
[SourceQuality "1"]

1. d4 d5 2. c4 c6 3. Nf3 Nf6 4. Nc3 e6 5. e3 Nbd7 6. Bd3 dxc4 7. Bxc4 b5 8. Bd3 a6 9. e4 c5 10. d5 c4 11. Bc2 Qc7 12. O-O Bc5 13. Qe2 e5 14. Bd2 $5 (14. Nd1 O-O 15. b3 Nb6 16. bxc4 Nxc4 17. Bd3 Bg4 $1 18. Bxc4 Bd4 19. Rb1 Qxc4 20. Qxc4 bxc4 21. Nxd4 exd4 22. f3 Bd7 23. Bf4 Rfc8 24. Nf2 {0,5-0,5/Gelfand,B-Morovic,F/Dos Hermanas/1994/}) 14... O-O (14... b4 15. Na4 a5 16. Nxc5 Nxc5 17. Qxc4 Ba6 18. Ba4+ $1 Ke7 19. Bb5 $14) 15. a3 (15. b4 cxb3 16. Bxb3 Ba3 $13) 15... Ne8 16. b4 Bd4 $146 (16... cxb3 17. Bxb3 Nd6 18. Rfc1 Qb6 19. a4 $14) ({RR} 16... cxb3 17. Bxb3 Nd6 18. Rfc1 Re8 19. Nd1 a5 20. Nb2 Qa7 21. Nd3 Bd4 22. Rab1 Nf6 23. Nxd4 Qxd4 24. Nc5 Bg4 25. Qe1 Nfxe4 26. Be3 Nxc5 27. Bxd4 Nd3 28. Qd2 Nxc1 29. Rxc1 exd4 30. Qf4 d3 31. f3 {Voloshin,L (2410)-Pinkas,K (2355) Szombathely 1993 1-0 (93)}) 17. a4 Rb8 18. axb5 axb5 19. Ra5 (19. Ra3 $5) 19... Nd6 20. Rfa1 Bb6 (20... Bb7 21. Qe1 (21. Nxd4 exd4 22. e5 dxc3 23. exd6 Qxd6 24. Bxc3 Qxd5 $17) 21... Ra8 22. Be3 Qb6 $13) 21. R5a3 Bb7 22. Be3 Ra8 23. Bxb6 Qxb6 24. Qe1 Rxa3 25. Rxa3 Ra8 26. Rxa8+ Bxa8 27. Qa1 (27. Qc1 Bb7 28. Kf1 $14) 27... Bb7 28. Kf1 f6 (28... Qa6 29. Qxa6 Bxa6 $10) 29. Bd1 Nb8 30. Ne1 Na6 (30... Qd4 $2 31. Qa5 Qxc3 32. Qd8+ Kf7 33. Qxd6 $18) 31. Nc2 Bc8 32. Qc1 Bd7 33. Bh5 g6 34. Bf3 Kg7 35. Qd1 Qd8 36. Qa1 (36. Bg4 f5 $5 $13) 36... Qb6 37. Qd1 Qd8 38. Qa1 Qb6 1/2-1/2